000 00738nam a2200229 i 4500
001 66749
003 ES-MaACL
005 20250808062723.0
007 t|
008 040326s2003 sp ||||1| spa d
020 _a84-7914-664-8
080 _a929 Juan XXIII, Papa, Beato
100 1 _aGonzález-Balado, José Luis.
_958441
245 1 3 _aEl bendito Juan XXIII /
_cJosé Luis González-Balado ; prólogo de Loris F. Capovilla.
300 _a361 p. :
_bil., 1 retr. ;
_c20 cm.
490 1 _aBiblioteca de autores cristianos ;
_v638
500 _aIndice.
700 1 _aCapovilla, Loris Francesco.
_934888
830 0 0 _aBiblioteca de autores cristianos
_v638
_9178679
852 _aES-MaACL
_jJ-625
_bR.133518
999 _c66749
_d66749